00878nam a2200241Ia 450000100060000000300090000600800410001504000130005604000130006904100130008210000300009510000290012524500280015424500670018225000110024926000170026026000230027726000490030030000570034950001640040665000350057065000310060563379IT-RoPAU130308s9999 xx 000 0 und d aIT-RoPAU cIT-RoPAU aSPAGNOLO aGutierrez Perez Francisco gCodice Aut. SPICS: 5659 aComunicacion cristiana  bAdoctrinamiento o Liberacion? praxis de comunicacion Cristiana a1a ed. aBUENOS AIRES bEdiciones Paulinas c1987 [1° Ed.:1987 - Ed.Ling.Originale:1987] a"28 p. (prefazione: no ; testo: 28 [pagine: 11-38])" aComunicazione Cristiana celebrazione della Parola Teatro Popolare relazioni Interpersonali fondamento della Comunicazione Cristiana Comunicazione Partecipativa aSAGGI DI COMUNICAZIONE SOCIALE eCodice materia Spics: 3807